000 00351nam a22001577a 4500
003 OSt
005 20250301092633.0
007 343 pages
008 250301b |||||||| |||| 00| 0 eng d
020 _a9789389328424
040 _c
082 _a005.133
_bAYE
245 _aPython in Depth
_cAhidjo Ayeva
260 _bBPB
_c2023
942 _2ddc
_cBK
_n0
999 _c36181
_d36181